000 00557nam a2200193Ia 4500
005 20250508161835.0
008 008 250505s9999 xx 000 0 eng d
037 _aTextual
040 _aFEDL
_beng
_cFEDL
041 _aeng
_2eng
084 _a301.35, MOR
_qFEDL
100 _aMorse Chandler
245 0 _aModernization by design : Social change in the twentieth century
260 _aIthaca
_bCornell University Press
_c1969
300 _axv,426p.
650 _aSociology
942 _cTEXL
_h301.35, MOR
999 _c1372581
_d1372581